|
|
|
|
| LEADER |
00601nam a2200145Ia 4500 |
| 001 |
63497 |
| 008 |
170722s9999 xx 000 0 und d |
| 100 |
|
|
|a Geoseph, Thekkil Kade
|
| 245 |
|
|
|a Anniku Annta Thavalam. /
|
| 260 |
|
|
|b Grandhakarthavu,Vitharanam:N B S,
|c 1975
|
| 300 |
|
|
|a 65
|c 18 cm.
|
| 942 |
|
|
|c GEN
|
| 999 |
|
|
|c 7288
|d 7288
|
| 952 |
|
|
|0 0
|1 0
|4 0
|6 03231NJ030X_L5L51_KR
|7 0
|9 8308
|a LIB
|b LIB
|d 2017-08-12
|o 032,31NJ030x L5-L5;1 (KR)
|p 160044
|r 2017-08-12
|v 0.00
|w 2017-08-12
|y GEN
|
| 952 |
|
|
|0 0
|1 0
|4 0
|6 03231NJ030X_L5L51_KR
|7 0
|9 8309
|a LIB
|b LIB
|d 2017-08-12
|o 032,31NJ030x L5-L5;1 (KR)
|p 160045
|r 2017-08-12
|v 0.00
|w 2017-08-12
|y GEN
|